00429nam a2200109Ia 4500008004100000050002200041100003200063245007800095260008600173300003300259521002700292140724s9999 xx 000 0 und d aZ 696b.F314 2008 aFeliciano, Orlando Cesar S. aDigital library system of Cuenca Institute /cOrlando Cesar S. Feliciano. aLas Piñas, Philippines :bSouthville International School and Colleges,cc2008. a78 p. :bcol. Ill. ;c28 cm. aInformation Technology